Statistics for Capitals with Other Names on Wikipedia

Click here to take the quiz!

General Stats

  • This quiz has been taken 369 times
  • The average score is 11 of 52

Answer Stats

HintAnswer% Correct
Beijing, alternatively romanized as...Peking
84%
Astana, previously known as...Nur-Sultan
80%
Sanaa, also spelled...Sana
65%
Sanaa, also spelled...Sana'a
65%
Washington D.C., commonly called...D.C.
62%
Ulaanbaatar, previously anglicized as...Ulan Bator
57%
Washington D.C., commonly called...Washington
57%
Port Vila, or simply...Vila
49%
Sri Jayawardenepura Kotte, commonly known as...Kotte
47%
Kinshasa, formerly named...Léopoldville
42%
Bern, or... (Alternative spelling)Berne
40%
Panama City, also known as...Panama
37%
Bangkok, officially known in Thai as...Krung Thep
34%
Ankara, historically known as...Angora
33%
Guatemala City, known locally as...Guate
32%
Port Moresby, also referred to as...Moresby
27%
Khartoum or... (Alternative spelling)Khartum
22%
Antananarivo, also known by its colonial shorthand form...Tana
20%
Ashgabat or... (Alternative spelling)Asgabat
19%
Nicosia, also known by its Greek name...Lefkosia
19%
Harare, formerly known as...Salisbury
19%
Tbilisi, in some languages still known by its pre-1936 nam...Tiflis
19%
Dhaka, formerly known as...Dacca
17%
Asmara, or... (Alternative spelling)Asmera
13%
Chișinău, formerly known as...Kishinev
13%
Nicosia, also known by its Turkish name...Lefkoşa
13%
Bishkek, formerly...Frunze
12%
Dushanbe, known from 1929 to 1961 as...Stalinabad
11%
Ouagadougou or... (Alternative spelling)Wagadugu
11%
Ankara, historically known as...Ancyra
9%
Santo Domingo, known from 1936 to 1961 as...Ciudad Trujillo
9%
Naypyidaw, officially romanized...Nay Pyi Taw
9%
Washington D.C., formerly...The District of Columbia
9%
Tashkent or... (Alternative spelling)Toshkent
9%
Astana, previously known as...Akmola
8%
Gitega, formerly...Kitega
6%
Astana, previously known as...Tselinograd
6%
Astana, previously known as...Akmolinsk
5%
Bloemfontein, also known as...Bloem
5%
Bishkek, formerly...Pishpek
5%
Ashgabat, formerly named...Poltoratsk
5%
Tegucigalpa, colloquially referred to as...Tegus
5%
San Marino, locally called...Città
4%
Tegucigalpa is the capital and largest city of Honduras along with its sister city...Comayagüela
4%
Mogadishu, locally known as...Xamar
4%
Dushanbe, known in (romanized) Russian as...Dyushambe
3%
Riyadh, formerly known as...Hajr al-Yamamah
3%
Mogadishu, locally known as...Hamar
3%
Port Moresby, also referred to as...Pom City
3%
Tegucigalpa, colloquially referred to as...Teguz
3%
Bridgetown, formerly...The Town of Saint Michael
3%
New Delhi, historically known as...Indraprastha
2%

Score Distribution

Percentile by Number Answered

Percent of People with Each Score

Your Score History

You have not taken this quiz